Valorant Agents - Pokemon Type - Statistics

General Stats
  • This quiz has been taken 442 times
  • The average score is 12 of 21
Answer Stats
Hint Answer % Correct
Water Harbor
98%
Fire Phoenix
84%
Poison Viper
83%
Flying Jett
78%
Dark/Ghost Omen
73%
Electric Neon
71%
Rock/Ground Breach
66%
Dark Reyna
64%
Grass Skye
64%
Dark/Psychic Fade
60%
Bug/Grass Gekko
56%
Electric/Steel KAYO
53%
Normal/Grass Sage
53%
Ground Brimstone
51%
Normal/Electric KillJoy
49%
Psychic Astra
48%
Ice Sova
44%
Dragon/Dark Yoru
44%
Fighting Raze
40%
Fighting/Normal Chamber
36%
Normal/Dark Cypher
35%
No matching quizzes found
Score Distribution
Percent of People with Each Score
Percentile by Number Answered
Your Score History
You have not taken this quiz